[Event "22nd European Teams Women"]
[Site "Batumi GEO"]
[Date "2019.11.02"]
[Round "9.3"]
[Board "2"]
[White "Danielian, Elina"]
[Black "Balajayeva, Khanim"]
[Result "1/2-1/2"]
[WhiteTitle "GM"]
[BlackTitle "WGM"]
[WhiteElo "2385"]
[BlackElo "2368"]
[WhiteTeam "Armenia"]
[BlackTeam "Azerbaijan"]
[WhiteFideId "13300210"]
[BlackFideId "13406396"]
[EventDate "2019.10.24"]

1. Nf3 d5 2. g3 Nf6 3. Bg2 c6 4. c4 Bf5 5. Qb3 Qb6 6. d3 e6 7. Be3 Qxb3 8. axb3
Na6 9. O-O Bg4 10. Ne5 Bxe2 11. Re1 Bh5 12. Nxc6 Nc5 13. Bxc5 Bxc5 14. d4 Bb6
15. c5 Bxc5 16. dxc5 bxc6 17. Nd2 Kd7 18. Ra4 Rhb8 19. Rea1 Rb7 20. Bf1 Kc7 21.
Ba6 Rbb8 22. Bf1 Rb7 23. Ba6 Rbb8 24. Bf1 Rb7 1/2-1/2

[Event "22nd European Teams Women"]
[Site "Batumi GEO"]
[Date "2019.11.02"]
[Round "9.3"]
[Board "3"]
[White "Fataliyeva, Ulviyya"]
[Black "Gevorgyan, Maria"]
[Result "1/2-1/2"]
[WhiteTitle "WGM"]
[BlackTitle "WIM"]
[WhiteElo "2368"]
[BlackElo "2260"]
[WhiteTeam "Azerbaijan"]
[BlackTeam "Armenia"]
[WhiteFideId "13403052"]
[BlackFideId "13300270"]
[EventDate "2019.10.24"]

1. d4 Nf6 2. Bf4 g6 3. g3 Bg7 4. Bg2 O-O 5. Nf3 d6 6. O-O Nbd7 7. c3 Qe8 8. Na3
e5 9. dxe5 dxe5 10. Bg5 Nb6 11. Nd2 Ng4 12. Nb3 h6 13. Bd2 f5 14. e4 Bd7 15.
exf5 gxf5 16. h3 Nf6 17. Nc5 Bc6 18. Qb3+ Rf7 19. Qe6 Bxg2 20. Kxg2 Qf8 21. b4
Nfd5 22. Qg6 Rf6 23. Qh5 a5 24. Nc2 Nc4 25. Be1 Qd6 26. Rd1 Qc6 27. Kh2 b6 28.
Qe2 b5 29. a4 Ndb6 30. axb5 Qxb5 31. Ne3 f4 32. Nxc4 fxg3+ 33. fxg3 Rxf1 34.
Qxf1 Qxc4 35. Qxc4+ Nxc4 36. bxa5 Rxa5 37. Rd8+ Kh7 38. Bf2 Kg6 39. Rd7 c6 40.
Ne6 Bh8 41. Nc5 Bf6 42. Kg2 Ra2 43. Ne4 Bg5 44. Rc7 Kf5 45. Kf3 Nd2+ 46. Nxd2
Rxd2 47. g4+ Ke6 48. Rxc6+ Kd5 49. Rc5+ Kd6 50. Rc4 Kd5 51. Rc5+ Kd6 52. Rc4 Kd5 1/2-1/2

[Event "22nd European Teams Women"]
[Site "Batumi GEO"]
[Date "2019.11.02"]
[Round "9.3"]
[Board "4"]
[White "Sargsyan, Anna M."]
[Black "Mammadova, Gulnar"]
[Result "1/2-1/2"]
[WhiteTitle "WFM"]
[BlackTitle "IM"]
[WhiteElo "2242"]
[BlackElo "2369"]
[WhiteTeam "Armenia"]
[BlackTeam "Azerbaijan"]
[WhiteFideId "13308130"]
[BlackFideId "13403508"]
[EventDate "2019.10.24"]

1. d4 d5 2. c4 e5 3. dxe5 d4 4. Nf3 Nc6 5. g3 Nge7 6. Bg2 Ng6 7. Bg5 Qd7 8. e6
fxe6 9. h4 h6 10. Bc1 Bb4+ 11. Nbd2 e5 12. a3 Bxd2+ 13. Nxd2 a5 14. Ne4 Qf7 15.
b3 Nge7 16. Bb2 Bf5 17. Qd2 O-O 18. O-O Qg6 19. Qd3 Kh8 20. e3 Ng8 21. Rfe1 Nf6
22. exd4 exd4 23. h5 Bxe4 24. Bxe4 Qxh5 25. Bf5 Rad8 26. f3 g6 27. Bxg6 Ne5 28.
Rxe5 Qxe5 29. Kg2 Qe3 30. Rh1 Ng4 31. f4 Qxd3 32. Bxd3 c5 33. Rh5 b6 34. Kf3 Rg8
35. Rh4 Rde8 36. Bc1 Re1 37. Bd2 Rd1 38. Ke2 Rg1 39. Kf3 Rd1 40. Ke2 Rg1 41. Kf3 1/2-1/2

[Event "22nd European Teams Women"]
[Site "Batumi GEO"]
[Date "2019.11.02"]
[Round "9.4"]
[Board "1"]
[White "Gaponenko, Inna"]
[Black "Milliet, Sophie"]
[Result "0-1"]
[WhiteTitle "IM"]
[BlackTitle "IM"]
[WhiteElo "2427"]
[BlackElo "2400"]
[WhiteTeam "Ukraine"]
[BlackTeam "France"]
[WhiteFideId "14101181"]
[BlackFideId "623725"]
[EventDate "2019.10.24"]

1. e4 c5 2. Nf3 Nc6 3. d4 cxd4 4. Nxd4 e6 5. Nc3 Qc7 6. f4 a6 7. Nxc6 Qxc6 8.
Bd3 b5 9. Qe2 Bb7 10. Bd2 Bc5 11. O-O-O b4 12. Nd5 Ne7 13. Nxb4 Qb6 14. c3 Rb8
15. b3 O-O 16. Nc2 a5 17. h4 Rfc8 18. h5 a4 19. b4 a3 20. Rdf1 Bc6 21. Kd1 Ba4
22. bxc5 Qb1+ 23. Bc1 Rb2 24. Kd2 Rxc2+ 25. Bxc2 Qxc2+ 26. Ke3 Qxc3+ 27. Kf2
Qxc5+ 28. Be3 Qb4 29. Rc1 Qxe4 30. Rxc8+ Nxc8 31. Qa6 Ne7 32. Qd6 Qxe3+ 33. Kxe3
Nf5+ 34. Kd3 Nxd6 35. Kc3 Bc6 36. Kb4 Nb5 37. Rc1 f6 38. g4 e5 39. fxe5 fxe5 40.
g5 Kf7 41. Rf1+ Ke7 42. g6 hxg6 43. hxg6 Nd6 44. Kxa3 e4 45. Kb4 e3 46. a4 Ke6
47. a5 Nf5 48. a6 Ke5 49. a7 Ke4 50. Re1 Kd3 51. Rd1+ Kc2 52. Rxd7 e2 53. Kc5
Bg2 0-1

[Event "22nd European Teams Women"]
[Site "Batumi GEO"]
[Date "2019.11.02"]
[Round "9.4"]
[Board "2"]
[White "Guichard, Pauline"]
[Black "Buksa, Nataliya"]
[Result "0-1"]
[WhiteTitle "IM"]
[BlackTitle "IM"]
[WhiteElo "2407"]
[BlackElo "2410"]
[WhiteTeam "France"]
[BlackTeam "Ukraine"]
[WhiteFideId "639370"]
[BlackFideId "14123622"]
[EventDate "2019.10.24"]

1. c4 e6 2. g3 d5 3. Bg2 a6 4. Nf3 dxc4 5. O-O Nf6 6. Qc2 b5 7. Ne1 c6 8. a4 Bb7
9. axb5 axb5 10. Rxa8 Bxa8 11. d3 cxd3 12. Nxd3 Be7 13. Nc3 Nbd7 14. Rd1 Qb8 15.
Ne4 Nxe4 16. Bxe4 c5 17. Bf4 Qc8 18. Ne5 Bxe4 19. Qxe4 Nxe5 20. Bxe5 O-O 21. h4
Rd8 22. Ra1 Qd7 23. Kh2 Qd5 24. Qe3 Ra8 25. Rc1 Ra4 26. Bc7 Re4 27. Qf3 h6 28.
Bf4 Rb4 29. Qa3 Bf6 30. Rc2 Bd4 31. Rd2 Ra4 32. Qd3 Ra1 33. f3 Bg1+ 34. Kg2 Qxd3
35. Rxd3 Bd4 36. Be3 e5 37. Bxd4 exd4 38. Kf2 Rb1 39. Rd2 c4 40. Rc2 Kf8 41. f4
Ke7 42. Kf3 Kd6 43. g4 Kc5 44. Ke4 b4 0-1

[Event "22nd European Teams Women"]
[Site "Batumi GEO"]
[Date "2019.11.02"]
[Round "9.4"]
[Board "3"]
[White "Osmak, Iulija"]
[Black "Skripchenko, Almira"]
[Result "1/2-1/2"]
[WhiteTitle "IM"]
[BlackTitle "IM"]
[WhiteElo "2409"]
[BlackElo "2403"]
[WhiteTeam "Ukraine"]
[BlackTeam "France"]
[WhiteFideId "14101602"]
[BlackFideId "13900145"]
[EventDate "2019.10.24"]

1. d4 d5 2. Bf4 Nf6 3. e3 c5 4. c3 Nc6 5. Nd2 Bf5 6. Ngf3 cxd4 7. exd4 e6 8. Qb3
Bd6 9. Qxb7 Bxf4 10. Qxc6+ Kf8 11. Ne5 g6 12. Bd3 Rb8 13. Nb3 Bxe5 14. Bxf5 Bd6
15. Bd3 Rb6 16. Qa4 Qb8 17. h3 Kg7 18. O-O h5 19. Rfe1 Rc8 20. Rab1 Bh2+ 21. Kf1
Bd6 22. Re2 h4 23. Nc1 Rxc3 24. bxc3 Rxb1 25. Bxb1 Qxb1 26. Qc2 Qb5 27. Qd3 Qc6
28. Rb2 Ba3 29. Rc2 Qd6 30. Kg1 Qe7 31. Nb3 Bd6 32. Nd2 Qb7 33. c4 dxc4 34. Qxc4
Nd5 35. Qb3 Qe7 36. Nc4 Bf4 37. Re2 Qc7 38. Re1 Bh2+ 39. Kh1 Bf4 40. Ne5 Qa5 41.
Nd3 Bd6 42. Qc2 Nf4 43. Ra1 Qg5 44. Ne1 Qd5 45. Qc3 1/2-1/2

[Event "22nd European Teams Women"]
[Site "Batumi GEO"]
[Date "2019.11.02"]
[Round "9.4"]
[Board "4"]
[White "Navrotescu, Andreea-Cristiana"]
[Black "Zhukova, Natalia"]
[Result "0-1"]
[WhiteTitle "WIM"]
[BlackTitle "GM"]
[WhiteElo "2241"]
[BlackElo "2333"]
[WhiteTeam "France"]
[BlackTeam "Ukraine"]
[WhiteFideId "675946"]
[BlackFideId "14101513"]
[EventDate "2019.10.24"]

1. Nf3 d5 2. c4 e6 3. g3 dxc4 4. Bg2 a6 5. O-O Nc6 6. Qc2 b5 7. d3 Nb4 8. Qd2
cxd3 9. Ne5 Nd5 10. Qxd3 Bb7 11. Nc3 Bd6 12. Ng4 Nge7 13. Bg5 f6 14. Bxf6 gxf6
15. e4 Nxc3 16. Nxf6+ Kf7 17. Qxc3 Ng6 18. Nh5 Be5 19. Qf3+ Ke8 20. Qg4 Qe7 21.
Rad1 Rd8 22. f4 Bxb2 23. f5 Rxd1 24. Qxd1 Nf8 25. f6 Qc5+ 26. Kh1 Kf7 27. Nf4
Rg8 28. Nxe6 Kxe6 29. Qb3+ Qc4 30. Qxb2 Nd7 31. Qf2 Kf7 32. Qf5 Nf8 33. Rd1 Rg6
34. Bf3 Rxf6 35. Bh5+ Ke7 36. Qe5+ Ne6 37. Re1 Rf1+ 0-1

[Event "22nd European Teams Women"]
[Site "Batumi GEO"]
[Date "2019.11.02"]
[Round "9.5"]
[Board "1"]
[White "Brunello, Marina"]
[Black "Peng, Zhaoqin"]
[Result "1/2-1/2"]
[WhiteTitle "FM"]
[BlackTitle "GM"]
[WhiteElo "2381"]
[BlackElo "2364"]
[WhiteTeam "Italy"]
[BlackTeam "Netherlands"]
[WhiteFideId "822590"]
[BlackFideId "1004786"]
[EventDate "2019.10.24"]

1. e4 c6 2. d4 d5 3. exd5 cxd5 4. Bf4 Nc6 5. c3 Bf5 6. Nf3 e6 7. Bd3 Bxd3 8.
Qxd3 Bd6 9. Bxd6 Qxd6 10. O-O Nge7 11. Re1 O-O 12. Nbd2 h6 13. Rad1 a6 14. a4 b5
15. axb5 axb5 16. Ra1 b4 17. c4 Qf4 18. g3 Qf5 19. Qxf5 Nxf5 20. cxd5 exd5 21.
Nb3 Rxa1 22. Rxa1 Rc8 23. Rc1 f6 24. Na5 Nfe7 25. Nxc6 Rxc6 26. Rxc6 Nxc6 27.
Kf1 g5 28. h3 Na5 29. Ke2 Nc4 30. b3 Na5 31. Nd2 1/2-1/2

[Event "22nd European Teams Women"]
[Site "Batumi GEO"]
[Date "2019.11.02"]
[Round "9.5"]
[Board "2"]
[White "Haast, Anne"]
[Black "Zimina, Olga"]
[Result "1-0"]
[WhiteTitle "WGM"]
[BlackTitle "IM"]
[WhiteElo "2288"]
[BlackElo "2397"]
[WhiteTeam "Netherlands"]
[BlackTeam "Italy"]
[WhiteFideId "1017292"]
[BlackFideId "4132190"]
[EventDate "2019.10.24"]

1. e4 c6 2. Nc3 d5 3. Nf3 Nf6 4. e5 Ne4 5. Ne2 Qb6 6. d4 e6 7. Ng3 c5 8. Bd3
Nxg3 9. fxg3 Nc6 10. O-O cxd4 11. a3 a5 12. b3 Bd7 13. Qe2 Be7 14. Ng5 Rf8 15.
Nxf7 g6 16. Ng5 O-O-O 17. Nf3 Na7 18. Bd2 Bb5 19. Be1 Bxd3 20. Qxd3 Nb5 21. b4
axb4 22. axb4 Kd7 23. Bf2 Rc8 24. Ra5 Rc4 25. Rb1 Nc3 26. Rb3 Rxb4 27. Raa3 Ne4
28. Rxb4 Bxb4 29. Bxd4 Bc5 30. Rb3 Rxf3 31. gxf3 Bxd4+ 32. Kg2 Nf2 33. Qd2 Qa7
34. Rb1 b6 35. Qxd4 1-0

[Event "22nd European Teams Women"]
[Site "Batumi GEO"]
[Date "2019.11.02"]
[Round "9.5"]
[Board "3"]
[White "Sedina, Elena"]
[Black "Paulet, Iozefina"]
[Result "0-1"]
[WhiteTitle "IM"]
[BlackTitle "WGM"]
[WhiteElo "2294"]
[BlackElo "2288"]
[WhiteTeam "Italy"]
[BlackTeam "Netherlands"]
[WhiteFideId "812153"]
[BlackFideId "1213261"]
[EventDate "2019.10.24"]

1. e4 e6 2. d4 d5 3. Nd2 Be7 4. e5 c5 5. c3 cxd4 6. cxd4 Qb6 7. Ndf3 Bb4+ 8. Bd2
Nc6 9. Bc3 Bd7 10. Nh3 Nh6 11. Qd2 Nf5 12. Rd1 Rc8 13. Bd3 Nfxd4 14. Nhg5 Nxf3+
15. Nxf3 Be7 16. O-O a6 17. Qf4 Qd8 18. h4 Na7 19. Rfe1 Bb5 20. Bb1 h6 21. Qg4
Bf8 22. Nd4 Bd7 23. f4 Nb5 24. f5 Nxd4 25. Bxd4 Rc6 26. f6 gxf6 27. exf6 h5 28.
Qf3 Qa5 29. Bc3 Qb6+ 30. Kh1 Rc4 31. g3 d4 32. Qe2 Bc6+ 33. Be4 Bxe4+ 34. Qxe4
Bc5 35. Bd2 Qc6 36. Qxc6+ bxc6 37. Rc1 Rxc1 38. Rxc1 Bd6 39. Rxc6 Kd7 40. Rxa6
e5 41. Kg2 Rc8 42. Kf3 Rc2 43. Bh6 Rxb2 44. Ke4 Rf2 45. Kd5 Bc7 46. Bg5 Rb2 47.
Ra3 Rb5+ 48. Ke4 Bd6 49. Ra7+ Ke6 50. Ra8 Rb2 51. Re8+ Kd7 52. Ra8 Bb8 53. Kd5
Rb5+ 54. Ke4 Rb1 55. Ra3 Ke6 56. Ra6+ Bd6 57. Bd2 Rb2 58. Bh6 Kd7 59. Kd5 Bb8
60. Ke4 Re2+ 61. Kf3 d3 62. Be3 e4+ 0-1

[Event "22nd European Teams Women"]
[Site "Batumi GEO"]
[Date "2019.11.02"]
[Round "9.5"]
[Board "4"]
[White "Ratsma, Rosa"]
[Black "Gueci, Tea"]
[Result "0-1"]
[WhiteTitle "WIM"]
[BlackTitle "WIM"]
[WhiteElo "2283"]
[BlackElo "2265"]
[WhiteTeam "Netherlands"]
[BlackTeam "Italy"]
[WhiteFideId "1033662"]
[BlackFideId "872342"]
[EventDate "2019.10.24"]

1. e4 c5 2. Nf3 Nc6 3. Bb5 g6 4. Bxc6 dxc6 5. d3 Bg7 6. h3 Nf6 7. Nc3 Nd7 8. Be3
e5 9. Qd2 h6 10. O-O b6 11. Nh2 Nf8 12. f4 exf4 13. Bxf4 Ne6 14. Be3 Nd4 15. Nd1
Be6 16. c3 Nb5 17. Nf3 Qd7 18. Nf2 Nd6 19. a4 g5 20. a5 O-O 21. e5 Nf5 22. Ne4
Rad8 23. d4 cxd4 24. cxd4 Bd5 25. Nf6+ Bxf6 26. exf6 Bxf3 27. Rxf3 Nxd4 28. Bxd4
Qxd4+ 29. Qxd4 Rxd4 30. axb6 axb6 31. Rb3 b5 32. Ra6 Rc8 33. Rb6 Rd2 34. Rb7 Re8
35. h4 g4 36. h5 Re6 37. Rb8+ Kh7 38. Rb4 g3 0-1

[Event "22nd European Teams Women"]
[Site "Batumi GEO"]
[Date "2019.11.02"]
[Round "9.6"]
[Board "1"]
[White "Eric, Jovana"]
[Black "Hoang, Thanh Trang"]
[Result "1/2-1/2"]
[WhiteTitle "WGM"]
[BlackTitle "GM"]
[WhiteElo "2285"]
[BlackElo "2414"]
[WhiteTeam "Serbia"]
[BlackTeam "Hungary"]
[WhiteFideId "938238"]
[BlackFideId "12400149"]
[EventDate "2019.10.24"]

1. e4 e6 2. d4 d5 3. Nc3 Nf6 4. e5 Nfd7 5. f4 c5 6. Nf3 Nc6 7. Be3 Be7 8. Qd2
O-O 9. Be2 b6 10. Nd1 f5 11. c3 cxd4 12. Nxd4 Nxd4 13. cxd4 a5 14. Rc1 Ba6 15.
Nc3 Qb8 16. Bxa6 Rxa6 17. Qe2 Ra8 18. O-O Qb7 19. Nb5 Rac8 20. a3 Rxc1 21. Rxc1
Rc8 22. Qd1 Rc6 23. Rc2 Nb8 24. Qc1 Qd7 25. Rxc6 Nxc6 26. Qf1 Qc8 27. Qd3 Qa6
28. Qf1 h6 29. Kf2 Kf8 30. Qe2 Na7 31. Nxa7 Qxa7 32. Qc2 Qd7 33. h3 Kf7 34. g4
g6 35. a4 b5 36. axb5 Qxb5 37. b3 Qb4 38. Ke2 Qa3 39. Bc1 Qb4 40. Be3 Qb5+ 41.
Kf2 Bh4+ 42. Kg2 Qb4 43. g5 hxg5 44. fxg5 Be1 45. Qc7+ Qe7 46. Qc6 Bb4 47. Kf3
Qd8 48. Qb7+ Be7 49. Ke2 Qh8 50. Qc7 Qxh3 51. Qxa5 Qg2+ 52. Ke1 Qg3+ 53. Bf2
Qxb3 54. Qc7 Qb1+ 55. Kd2 Qf1 56. Ke3 Qg2 57. Ke2 f4 58. Qc3 Qe4+ 59. Kf1 Bxg5
60. Qh3 f3 61. Qh7+ Ke8 62. Qg8+ Kd7 63. Qb8 Be7 64. Qb5+ Kc7 65. Qa5+ Kc8 66.
Qa8+ Kd7 67. Qa4+ Kd8 68. Qa8+ 1/2-1/2

[Event "22nd European Teams Women"]
[Site "Batumi GEO"]
[Date "2019.11.02"]
[Round "9.6"]
[Board "2"]
[White "Gara, Anita"]
[Black "Injac, Teodora"]
[Result "1/2-1/2"]
[WhiteTitle "IM"]
[BlackTitle "WIM"]
[WhiteElo "2366"]
[BlackElo "2257"]
[WhiteTeam "Hungary"]
[BlackTeam "Serbia"]
[WhiteFideId "709751"]
[BlackFideId "932400"]
[EventDate "2019.10.24"]

1. e4 c5 2. Nf3 d6 3. Bb5+ Nd7 4. a4 Nf6 5. Nc3 g6 6. a5 Bg7 7. a6 O-O 8. O-O
Nb8 9. axb7 Bxb7 10. d3 Nc6 11. Ba6 Qb6 12. Bxb7 Qxb7 13. Ra2 Rfc8 14. Re1 Nd7
15. Be3 Nb6 16. Nd2 a5 17. Ra3 Nd4 18. Qb1 e6 19. Na4 Rcb8 20. Nxb6 Qxb6 21. Nc4
Qc7 22. Bxd4 Bxd4 23. c3 Bg7 24. Qa2 d5 25. exd5 exd5 26. Nxa5 Re8 27. Ra1 Re2
28. Nb3 Rf8 29. Ra8 Qe5 30. g3 Qf5 31. Rf1 h5 32. Qa4 Rxa8 33. Qxa8+ Kh7 34. Qd8
Rxb2 35. Nxc5 Bxc3 36. Qh4 Rb4 37. Qe7 Qf6 38. Qxf6 Bxf6 39. Rc1 Rb2 40. Na4 Ra2
41. Nc3 Ra5 42. Kg2 g5 43. h3 Kg6 44. Kf3 Ra3 45. Nxd5 Rxd3+ 46. Ne3 Rd6 47. g4
h4 48. Rc8 Ra6 49. Rc4 1/2-1/2

[Event "22nd European Teams Women"]
[Site "Batumi GEO"]
[Date "2019.11.02"]
[Round "9.6"]
[Board "3"]
[White "Velikic, Adela"]
[Black "Lazarne Vajda, Szidonia"]
[Result "1/2-1/2"]
[WhiteTitle "WIM"]
[BlackTitle "IM"]
[WhiteElo "2275"]
[BlackElo "2353"]
[WhiteTeam "Serbia"]
[BlackTeam "Hungary"]
[WhiteFideId "913553"]
[BlackFideId "723894"]
[EventDate "2019.10.24"]

1. d4 d5 2. c4 e6 3. Nc3 Nf6 4. cxd5 exd5 5. Bg5 c6 6. e3 Bf5 7. Qf3 Bg6 8. Bxf6
Qxf6 9. Qxf6 gxf6 10. Nf3 Be7 11. Kd2 Nd7 12. Bd3 Bxd3 13. Kxd3 Nb6 14. Rab1 a5
15. Nh4 Nc8 16. e4 dxe4+ 17. Nxe4 Nd6 18. Nxd6+ Bxd6 19. Rhe1+ Kd7 20. Nf5 Rhg8
21. g3 Rg5 22. Nxd6 Kxd6 23. Re4 Rf5 24. Rf1 h5 25. f3 Rd8 26. Ke3 Rd7 27. Rc1
Rd8 28. Rc2 b6 29. g4 Rb5 30. Kf4 Rg8 31. h3 Rh8 32. Kg3 f5 33. Rf4 hxg4 34.
fxg4 fxg4 35. hxg4 Rh7 36. Rf6+ Kd5 37. Kf4 Rh1 38. Rcxc6 Rf1+ 39. Ke3 Rxf6 40.
Rxf6 Rxb2 41. Rxf7 Rxa2 42. Rf5+ Kc4 43. Rf6 Rg2 44. Kf3 Rg1 45. Rxb6 Kxd4 46.
Ra6 Ke5 47. Rxa5+ Kf6 48. Ra8 Kg6 49. Rg8+ Kf7 50. Rh8 Kg6 51. Rh2 Kg5 52. Rh5+
Kg6 53. Rb5 Rf1+ 54. Kg2 Rc1 55. Rb8 Rc3 56. Rg8+ Kf7 57. Rg5 Kf6 58. Rf5+ Kg6
59. Rf3 Rxf3 60. Kxf3 Kg5 61. Kg3 Kg6 62. Kf4 1/2-1/2

[Event "22nd European Teams Women"]
[Site "Batumi GEO"]
[Date "2019.11.02"]
[Round "9.6"]
[Board "4"]
[White "Gara, Ticia"]
[Black "Gajcin, Marina"]
[Result "1/2-1/2"]
[WhiteTitle "WGM"]
[BlackTitle "WIM"]
[WhiteElo "2322"]
[BlackElo "2262"]
[WhiteTeam "Hungary"]
[BlackTeam "Serbia"]
[WhiteFideId "717444"]
[BlackFideId "949086"]
[EventDate "2019.10.24"]

1. e4 c5 2. Nf3 Nc6 3. Bb5 g6 4. Bxc6 dxc6 5. d3 Bg7 6. h3 b6 7. O-O Nf6 8. Nc3
O-O 9. Bf4 Ne8 10. a4 a5 11. Qd2 f6 12. e5 g5 13. Bg3 h6 14. exf6 exf6 15. Rfe1
Nd6 16. d4 Nf5 17. dxc5 Nxg3 18. fxg3 bxc5 19. Rad1 Qxd2 20. Nxd2 Rb8 21. Nc4 f5
22. Re7 Bd4+ 23. Kh2 Ba6 24. Nxa5 Rxb2 25. Ra7 Rb6 26. Nb1 f4 27. gxf4 Rxf4 28.
Nb3 Be5 29. Kh1 Rf1+ 30. Rxf1 Bxf1 31. N1d2 c4 32. a5 Rb8 33. Nc5 Bd4 34. Rb7
Re8 35. Nde4 c3 36. Rd7 Bxc5 37. Nxc5 Ra8 38. Kg1 Rxa5 39. Kxf1 Rxc5 40. Rc7 h5
41. Ke2 Rd5 42. Rxc6 Rd2+ 43. Kf3 Rxc2 44. Rg6+ Kh7 45. Rxg5 Kh6 46. Rc5 h4 47.
Rc6+ Kh5 48. Rc8 Rc1 49. Rc5+ Kh6 50. Kg4 Rg1 51. Rc6+ Kh7 52. Kf3 Rc1 53. Rc4
Kg6 54. Ke2 Rc2+ 55. Kf3 Rc1 56. Rg4+ Kh5 57. Ke2 Ra1 58. Kd3 Rc1 59. Rg7 Kh6
60. Rg8 Kh5 61. Rg4 Rd1+ 62. Kxc3 Rd8 63. Rd4 Rg8 64. Rd2 Kg5 65. Rf2 Rd8 66.
Kc2 Rd7 67. Rd2 Rg7 68. Rf2 Rd7 69. Rf3 Rd8 70. Rd3 Rg8 71. Kd2 Kf4 72. Rf3+ Ke4
73. Rf2 Ra8 74. Kc3 Rc8+ 75. Kd2 Ra8 76. Re2+ Kf4 77. Kd3 Ra3+ 78. Kd4 Ra4+ 79.
Kd5 Ra5+ 80. Ke6 Ra6+ 81. Kf7 Kg3 82. Kg7 Ra1 83. Kg6 Ra6+ 84. Kf5 Ra5+ 85. Kf6
Ra4 86. Ke5 Ra8 87. Kf5 Rf8+ 88. Kg5 Rg8+ 89. Kh5 Rh8+ 90. Kg6 Rg8+ 91. Kh6 Rh8+
92. Kg7 Ra8 93. Re4 Ra7+ 94. Kf6 Ra6+ 95. Kf5 Ra5+ 96. Kf6 Ra6+ 97. Kf5 1/2-1/2

[Event "22nd European Teams Women"]
[Site "Batumi GEO"]
[Date "2019.11.02"]
[Round "9.7"]
[Board "1"]
[White "Tsolakidou, Stavroula"]
[Black "Bulmaga, Irina"]
[Result "0-1"]
[WhiteTitle "IM"]
[BlackTitle "IM"]
[WhiteElo "2431"]
[BlackElo "2442"]
[WhiteTeam "Greece"]
[BlackTeam "Romania"]
[WhiteFideId "4264312"]
[BlackFideId "13903063"]
[EventDate "2019.10.24"]

1. Nf3 Nf6 2. c4 g6 3. Nc3 Bg7 4. e4 d6 5. d4 O-O 6. h3 Na6 7. Bg5 e5 8. d5 h6
9. Be3 Nh5 10. g3 f5 11. exf5 gxf5 12. Nh4 f4 13. Bd2 Qe8 14. Be2 Nf6 15. gxf4
exf4 16. Rg1 Nh7 17. Qc1 Ng5 18. Bxf4 Nc5 19. Be3 Nxh3 20. Rxg7+ Kxg7 21. Bd4+
Kh7 22. Qc2+ Kg8 23. O-O-O Rf4 24. Ng2 Bf5 25. Qd2 Ne4 26. Qe3 Nxc3 27. Qg3+ Ng5
28. Qxc3 Rxd4 29. Qxd4 Qxe2 30. Ne3 Rf8 31. Rh1 Nf3 32. Qc3 Ne5 33. Rxh6 Nd3+
34. Kb1 Nb4+ 35. Nxf5 Qd1+ 36. Qc1 Qxc1+ 37. Kxc1 Rxf5 0-1

[Event "22nd European Teams Women"]
[Site "Batumi GEO"]
[Date "2019.11.02"]
[Round "9.7"]
[Board "2"]
[White "Cosma, Elena-Luminita"]
[Black "Avramidou, Anastasia"]
[Result "1/2-1/2"]
[WhiteTitle "WGM"]
[BlackTitle "FM"]
[WhiteElo "2313"]
[BlackElo "2247"]
[WhiteTeam "Romania"]
[BlackTeam "Greece"]
[WhiteFideId "1201590"]
[BlackFideId "4239873"]
[EventDate "2019.10.24"]

1. d4 Nf6 2. Nf3 e6 3. c4 d5 4. g3 a6 5. Bg2 Be7 6. O-O O-O 7. Nc3 Nbd7 8. Ne5
c6 9. e4 Nxe5 10. dxe5 Nd7 11. exd5 exd5 12. cxd5 Nxe5 13. Bf4 Bf6 14. Ne4 Bf5
15. Qb3 cxd5 16. Qxd5 Bxe4 17. Qxe4 Nc6 18. Rad1 Qc8 19. b3 Rd8 20. Be3 Qe6 21.
Qxe6 fxe6 22. Bb6 Rxd1 23. Rxd1 Rc8 24. Rd7 Ne5 25. Rxb7 Rc1+ 26. Bf1 g5 27. Kg2
g4 28. Rc7 Ra1 29. Bc4 Nxc4 30. Rxc4 Rxa2 31. Rxg4+ Kf7 32. Ra4 Rb2 33. Rf4 e5
34. Ra4 Rxb3 35. Be3 h5 36. Rxa6 Rb4 37. h4 Rc4 38. Kf3 Rb4 39. Ke2 Rc4 40. Kd3
Rb4 41. Rc6 Ra4 42. Rb6 Rg4 43. Ra6 Rb4 44. Bc5 Rg4 45. Ra7+ Kg6 46. Be7 Bg7 47.
Bg5 Rb4 48. Ra6+ Kf5 49. Bh6 e4+ 50. Kc2 Bd4 51. Bd2 Rb2+ 52. Kc1 Rxd2 53. Kxd2
Bxf2 54. Ra5+ Kg4 55. Rg5+ Kf3 56. Rf5+ Kxg3 57. Ke2 e3 58. Rxh5 Kg4 59. Rh7
Bxh4 60. Kxe3 Bg5+ 61. Ke4 Bf6 62. Rh1 Kg3 63. Rh6 Be7 64. Re6 Bd8 65. Re8 Bc7
66. Rf8 Kg2 67. Rf3 Bb8 68. Ke3 Bc7 69. Ke2 Bb8 70. Rf8 Bc7 71. Rg8+ Kh1 72. Rg6
Bb8 73. Rg5 1/2-1/2

[Event "22nd European Teams Women"]
[Site "Batumi GEO"]
[Date "2019.11.02"]
[Round "9.7"]
[Board "3"]
[White "Makropoulou, Marina"]
[Black "Sandu, Mihaela"]
[Result "0-1"]
[WhiteTitle "WGM"]
[BlackTitle "WGM"]
[WhiteElo "2201"]
[BlackElo "2260"]
[WhiteTeam "Greece"]
[BlackTeam "Romania"]
[WhiteFideId "4200187"]
[BlackFideId "1204327"]
[EventDate "2019.10.24"]

1. e4 c5 2. Nf3 d6 3. d4 cxd4 4. Nxd4 Nf6 5. Nc3 a6 6. Be3 e6 7. Be2 Qc7 8. Qd2
Nbd7 9. g4 Nb6 10. g5 Nfd7 11. b3 d5 12. O-O dxe4 13. Nxe4 Nd5 14. c4 Nxe3 15.
Qxe3 Nc5 16. Rad1 Be7 17. Ng3 g6 18. b4 Nd7 19. c5 h6 20. gxh6 Nf6 21. Bf3 e5
22. Nb3 Bg4 23. Nd2 Rd8 24. Nc4 Bxf3 25. Rxd8+ Kxd8 26. Qxf3 Rxh6 27. Rd1+ Kc8
28. Rd6 e4 29. Qf4 g5 30. Qf5+ Kb8 31. Rd1 g4 32. Qe5 Qxe5 33. Nxe5 Rh7 34. Nf5
Rh5 35. Nc6+ bxc6 36. Nxe7 Kc7 37. Rd6 Ne8 38. Rxc6+ Kd7 39. Rxa6 Kxe7 40. Ra7+
Ke6 41. a4 Rd5 42. a5 Ng7 43. a6 Nf5 44. Kg2 e3 45. fxe3 Rd2+ 46. Kg1 Nh4 47.
Ra8 Nf3+ 48. Kf1 Nxh2+ 49. Ke1 Nf3+ 50. Kf1 g3 51. Rg8 Rf2# 0-1

[Event "22nd European Teams Women"]
[Site "Batumi GEO"]
[Date "2019.11.02"]
[Round "9.7"]
[Board "4"]
[White "Lehaci, Miruna-Daria"]
[Black "Makka, Ioulia"]
[Result "1/2-1/2"]
[WhiteTitle "WFM"]
[BlackTitle "WIM"]
[WhiteElo "2131"]
[BlackElo "2048"]
[WhiteTeam "Romania"]
[BlackTeam "Greece"]
[WhiteFideId "1234765"]
[BlackFideId "4205316"]
[EventDate "2019.10.24"]

1. e4 e6 2. d4 d5 3. Nc3 Nf6 4. e5 Nfd7 5. f4 c5 6. Nf3 Nc6 7. Be3 Be7 8. Qd2 b6
9. Be2 O-O 10. O-O cxd4 11. Nxd4 Nxd4 12. Bxd4 f5 13. exf6 Bxf6 14. Rae1 Nc5 15.
Bg4 Re8 16. Bxf6 gxf6 17. b4 Na6 18. f5 d4 19. Ne4 e5 20. Qh6 Rf8 21. Rf3 Qe7
22. Rg3 Kh8 23. Be2 Nxb4 24. Nd6 Ba6 25. Bh5 Nxc2 26. Re4 Ne3 27. Bg6 Rac8 28.
Nxc8 Rxc8 29. Rh3 Rc1+ 30. Kf2 Rc2+ 31. Kf3 Be2+ 32. Kg3 Nf1+ 33. Kh4 Bb5 34.
Kg4 Rxg2+ 35. Kf3 Rc2 36. Bxh7 Rc3+ 37. Kg2 Rxh3 38. Qxh3 Bc6 39. Bg6+ Kg8 40.
Kxf1 Bxe4 41. Qb3+ Kf8 42. Qh3 Bd5 43. Qh8+ Bg8 44. Qh6+ Qg7 45. Qc1 Qb7 46.
Qh6+ Qg7 47. Qc1 Qb7 48. Qh6+ Qg7 1/2-1/2